| 000 | 00873nam a2200301 a 4500 | ||
|---|---|---|---|
| 003 | AR-BaBNM | ||
| 005 | 20251128203212.0 | ||
| 008 | 082120s2002 ||||||||||||||000 | spa|| | ||
| 040 | _cAR-BaBNM | ||
| 100 | 1 | _aWills, Clarice Dechent | |
| 245 | 0 | 0 |
_aLa vida en el jardín de infantes _bmanual para maestros |
| 260 |
_aBuenos Aires _bTroquel _c1966 |
||
| 300 |
_a361 p. _bil. |
||
| 504 | _aBibliografía p. 364 | ||
| 650 | 4 | _aDESARROLLO DEL NIÑO | |
| 650 | 4 | _aDESARROLLO DEL LENGUAJE | |
| 650 | 4 | _aDESARROLLO SOCIAL | |
| 650 | 4 | _aRELACION PADRES-HIJOS | |
| 650 | 4 | _aPARTICIPACION DE LOS PADRES | |
| 653 | _aEDUCACION INICIAL | ||
| 653 | _aJARDINES DE INFANTES | ||
| 700 | 1 | _aStegeman, William H. | |
| 700 | 1 |
_aFritzsche, Cristina E. _etraductor |
|
| 700 | 1 |
_aBodevi, C. _etraductor |
|
| 700 | 1 |
_aAdams, Olga _eprologuista |
|
| 942 | _cBK | ||
| 998 | _cCarmen | ||
| 999 |
_c2362 _d2362 |
||